Pokémon - Les attaques de Laporeille - Statistiques

Statistiques générales
  • Ce quiz a été pris 13 fois
  • Le résultat moyen est 6 sur 15
Statistiques - réponses
Niveaux Types Noms des attaques % Correct
Niveau 24 Fée Charme
100%
Niveau 48 Vol Rebond
100%
Départ Normal Écras'Face
86%
Niveau 8 Fée Regard Touchant
86%
Niveau 36 Psy Hâte
57%
Niveau 16 Normal Vive-Attaque
43%
Niveau 4 Normal Boul'Armure
29%
Niveau 32 Normal Coup d'Boule
29%
Niveau 20 Combat Double Pied
29%
Niveau 52 Psy Vœu Soin
29%
Niveau 28 Normal Relais
14%
Départ Normal Trempette
14%
Niveau 12 Normal Après Vous
0%
Niveau 44 Ténèbres Flatterie
0%
Niveau 40 Normal Ten-Danse
0%
Aucun quiz correspondant
Distribution des résultats
% des personnes avec chaque résultat
Percentile par nombre de réponses
Votre historique - résultats
Vous n’avez pas pris ce quiz